| 000 | 01928nam a2200325 a 4500 | ||
|---|---|---|---|
| 003 | DO-SdBNP | ||
| 005 | 20220804131759.0 | ||
| 007 | ta | ||
| 008 | 220208e2015 dr a|||er|||| 001 edspa d | ||
| 040 |
_aDO-SdBNP _bspa _cBNPHU |
||
| 082 | 4 |
_222 _bG182b |
|
| 100 | 1 |
_aGalván Abreu, Wiliam Andiel _982162 |
|
| 245 | 1 | 3 |
_aLa búsqueda del mérito en burocracias clientelistas centroamericanas: _blas reformas del servicio civil de nicaragua y República Dominicana en perpectiva comparada. / _cWiliam Andiel Galván Abreu |
| 246 | 1 | 3 | _aLas reformas del servicio civil de Nicaragua y República Dominicana en perspectiva comparada |
| 260 |
_aSanto Domingo : _bInap, _c2015 |
||
| 300 |
_a97 p. : _bil. ; _c23 cm. |
||
| 500 | _aIncluye datos biográficos del autor en la solapa de la cubierta. | ||
| 500 | _aIncluye bibliografía y notas al pié de páginas. | ||
| 500 | _aIncluye acrónimos. | ||
| 505 | _aPresentación. | ||
| 505 | 0 |
_aAcrónimos. _tI. Introducción.-- _tII. Perspectivas teóricas sobre la complementación de la política y la administración pública.-- _tIII. La reforma del sistema de méritos en la República Dominicana.-- _tIV. La reforma del sistema de méritos en Nicaragua.-- _tV. Análisis comparativo.-- _tVI. Conclusiones.-- _tVII. Recomendaciones de política.-- _tReferencias bibliográficas.-- _tApéndice A. Apéndice B. |
|
| 586 | _aEnsayo ganador del Tercer Lugar Premio Nacional de Administración Pública. | ||
| 590 | _aInventariado, 2019 / DG | ||
| 650 | 4 |
_935905 _aAdminsitración Pública _vEnsayos, Conferencias, etc. _zRepública Dominicana |
|
| 650 | 4 |
_aAdminsitración Pública _vEnsayos, Conferencias, etc. _zNicaragua _982160 |
|
| 651 | 4 |
_979289 _aRepública Dominicana _vEnsayos, conferencias, etc _xInstituto Nacional de Administración Pública |
|
| 710 | 4 |
_aInstituto Nacional de Administración Pública (República Dominicana) _982155 |
|
| 910 | _aMFeliz | ||
| 942 |
_2ddc _cLBS1 |
||
| 999 |
_c51376 _d51376 |
||